| 000 | 00744nam a2200205Ia 4500 | ||
|---|---|---|---|
| 003 | LDD | ||
| 008 | 190117s9999 xx 000 0 und d | ||
| 020 |
_a8170162106 _c₹70 |
||
| 040 | _cLDD | ||
| 041 | _ahi | ||
| 082 | _a8H3.7 या4667 द | ||
| 100 | _aयादव, राजेन्द्र | ||
| 245 | 0 |
_aदस प्रतिनिधि कहानियाँ _cराजेन्द्र यादव |
|
| 260 |
_aनई दिल्ली _bकिताबयर _c2001 |
||
| 300 | _a134 | ||
| 440 | _aदस प्रतिनिधि कहानियां सीरीज | ||
| 901 | _aHBC | ||
| 904 | _aReqst by : Prof. V.R.Jagannathan | ||
| 942 |
_2ddc _cH |
||
| 999 |
_c167747 _d167747 |
||